000 00334nam a2200121Ia 4500
008 240731s9999 xx 000 0 und d
022 _a2380-4084
245 4 _aThe Journal of Horticultural Science and Biotechnology
260 _bTaylor & Francis
856 _uhttps://www.tandfonline.com/loi/thsb20
942 _2ddc
942 _cTFEJ
999 _c79987
_d79987
945 _a1
_bMadushi Gamage
_c1
_dMadushi Gamage